zpět

Detail výsledku týmu

Mama Shelter - Holešovice, Praha

Datum a čas kvízu

25 Celkem bodů Celkový počet nahraných bodů na tomto kvízu bez doplňovacích otázek.
10. Pořadí na kvízu Konečné umístění týmu na tomto kvízu.

Zaznamenané odpovědi

# Otázka Odpověď Body Výsledky
1. V pátek přejel první vlak přes... Orlík 1
2. Během návštěvy Vladimira Putin... v Kazachstánu 0
3. Počátkem týdne byl představen... Marek Ztracený, Ester Ledecká 1
4. Na závěr hledáme název českosl... o Německu 1
5. Při zápase brazilské fotbalové... pódium (stage) 0
6. Začneme mladším (a slavnějším)... R.U.R. 0
7. Josef Čapek byl především malí... A 0
8. Přiřaďte k těmto literárním dí... 1C 2B 3A 4D 0
9. Doplňte dvouslovný název třetí... Obyčejný život 0
10. Napište název dramatu, jehož z... Matka 1